[Event "SR 3. liga A2 2014/2015"]
[Site "?"]
[Date "2015.02.22"]
[Round "9.4"]
[White "Ulehla, Jakub"]
[Black "Capanda, Jan"]
[Result "0-1"]
[WhiteElo "1479"]
[BlackElo "1762"]
[PlyCount "84"]
[EventDate "2015.??.??"]

1. e4 Nf6 2. e5 Nd5 3. Nf3 e6 4. d4 Nb6 5. Be2 d5 6. O-O c5 7. c3 Nc6 8. Nbd2
Be7 9. Nb3 Nd7 10. Be3 b6 11. Rc1 O-O 12. Qc2 c4 13. Nbd2 f6 14. Bf4 g5 15. Bg3
f5 16. h3 Rf7 17. Qd1 b5 18. a3 Nf8 19. Ne1 Ng6 20. Bh5 Rg7 21. Bxg6 Rxg6 22.
Nc2 a5 23. b4 Bd7 24. Qe2 Qf8 25. Bh2 Be8 26. f4 g4 27. hxg4 Rxg4 28. Ne3 Rg7
29. g4 Bh5 30. Kh1 Bxg4 31. Nxg4 Rxg4 32. Rg1 h5 33. Qf3 Qh6 34. Qh3 Kh7 35.
Nf3 Rag8 36. Rg3 Qxf4 37. Qxh5+ Qh6 38. Qxh6+ Kxh6 39. Rh3+ Kg6 40. Rg1 Kf7 41.
Rh6 Rxg1+ 42. Bxg1 Rg3 0-1

[Event "SR 3. liga A2 2014/2015"]
[Site "?"]
[Date "2015.02.22"]
[Round "9.5"]
[White "Abel, Peter"]
[Black "Miciak, Emanuel"]
[Result "1-0"]
[WhiteElo "2174"]
[BlackElo "1882"]
[PlyCount "80"]
[EventDate "2015.??.??"]

1. c4 Nf6 2. Nc3 g6 3. g3 Bg7 4. Bg2 d6 5. d4 O-O 6. Nf3 c5 7. O-O cxd4 8. Nxd4
Nc6 9. Nxc6 bxc6 10. Bxc6 Rb8 11. Nb5 Bh3 12. Bg2 Bxg2 13. Kxg2 Qb6 14. Na3 Ng4
15. Rb1 h5 16. b3 Bd4 17. e3 Bc5 18. Nc2 e6 19. h3 Qb7+ 20. f3 Ne5 21. Bb2 Nc6
22. Bf6 a5 23. a3 Qd7 24. g4 e5 25. e4 Qe6 26. g5 Rb6 27. Qd5 Qc8 28. f4 exf4
29. Rxf4 Qb7 30. Rf3 Qc7 31. Bc3 Rfb8 32. Rf6 Rxb3 33. Rxg6+ Kf8 34. Bg7+ Ke8
35. Rxb3 Rxb3 36. Rh6 Ne7 37. Rh8+ Kd7 38. Qxf7 Rb8 39. Bf6 d5 40. Rh7 Kd8 1-0

[Event "SR 3. liga A2 2014/2015"]
[Site "?"]
[Date "2015.02.22"]
[Round "9.5"]
[White "Podjavorinsky, Michal"]
[Black "Manak, Jozef"]
[Result "1/2-1/2"]
[WhiteElo "1736"]
[BlackElo "1984"]
[PlyCount "101"]
[EventDate "2015.??.??"]

1. e4 c5 2. Nc3 d6 3. g3 Nc6 4. Bg2 g6 5. d3 Bg7 6. Be3 Nf6 7. h3 O-O 8. Qd2
Re8 9. Bh6 Bh8 10. Nge2 Rb8 11. O-O Bd7 12. Kh2 b5 13. Nd1 Nd4 14. f4 Nxe2 15.
Qxe2 e6 16. c3 Bc6 17. Rb1 b4 18. Ne3 Nd7 19. Qd2 bxc3 20. bxc3 Qc7 21. Qc2
Rxb1 22. Rxb1 Rb8 23. Rxb8+ Qxb8 24. f5 exf5 25. exf5 Bxg2 26. Nxg2 Be5 27.
fxg6 hxg6 28. Bf4 Kg7 29. c4 Qb7 30. Qf2 Bd4 31. Be3 Be5 32. Bf4 Qb1 33. Qe2 a5
34. Nh4 a4 35. Nf3 Bxf4 36. gxf4 a3 37. Qd2 Qb2 38. Kg3 Nf6 39. f5 Nh5+ 40. Kg4
Qf6 41. Qg5 Qb2 42. Qd2 Qa1 43. fxg6 fxg6 44. Qe3 Qf6 45. Qe4 Qf7 46. Kg5 Ng3
47. Qf4 Qxf4+ 48. Kxf4 Ne2+ 49. Ke3 Nc1 50. Nd2 Nxa2 51. Nb1 1/2-1/2

[Event "SR 3. liga A2 2014/2015"]
[Site "?"]
[Date "2015.02.22"]
[Round "9.5"]
[White "Manak, Adrian"]
[Black "Smrek, Peter"]
[Result "0-1"]
[WhiteElo "1959"]
[BlackElo "1831"]
[PlyCount "76"]
[EventDate "2015.??.??"]

1. e4 c5 2. Nf3 Nc6 3. d4 cxd4 4. Nxd4 e5 5. Nb5 d6 6. N1c3 a6 7. Na3 Be6 8.
Nd5 f5 9. Be3 Rc8 10. Bc4 b5 11. Nc7+ Qxc7 12. Bxe6 f4 13. Bxc8 fxe3 14. Be6
exf2+ 15. Kd2 Nf6 16. Bd5 g6 17. Kc1 Bh6+ 18. Kb1 Nb4 19. Rf1 Nfxd5 20. exd5
Qc5 21. c3 Nxd5 22. Rxf2 Qxf2 23. Qxd5 Qf5+ 24. Nc2 Qf1+ 25. Ne1 Qxe1+ 26. Kc2
Qe2+ 27. Kb1 Ke7 28. a4 Rf8 29. axb5 Rf1+ 30. Ka2 Rxa1+ 31. Kxa1 Qxb5 32. Qa8
Bc1 33. Qa7+ Ke6 34. b4 Qa4+ 35. Kb1 Qa3 36. Kc2 Qb2+ 37. Kd3 Qd2+ 38. Ke4 Qd5#
0-1

[Event "SR 3. liga A2 2014/2015"]
[Site "?"]
[Date "2015.02.22"]
[Round "9.5"]
[White "Lajda, Dusan"]
[Black "Mihalik, Anton"]
[Result "1/2-1/2"]
[WhiteElo "1853"]
[BlackElo "1958"]
[PlyCount "45"]
[EventDate "2015.??.??"]

1. e4 c5 2. Nf3 d6 3. d4 cxd4 4. Nxd4 Nf6 5. Nc3 a6 6. Be3 e5 7. Nb3 Be6 8. Be2
Be7 9. O-O O-O 10. f3 Qc7 11. Qe1 Nbd7 12. Qf2 d5 13. exd5 Nxd5 14. Nxd5 Bxd5
15. Rad1 Be6 16. Bd3 f5 17. Qe1 Nc5 18. Nxc5 Bxc5 19. b3 Rae8 20. Bxc5 Qxc5+
21. Qf2 Qc7 22. Qe1 Qc5+ 23. Qf2 1/2-1/2

[Event "SR 3. liga A2 2014/2015"]
[Site "?"]
[Date "2015.02.22"]
[Round "9.5"]
[White "Nemsak, Denis"]
[Black "Bjel, Jan"]
[Result "0-1"]
[WhiteElo "1957"]
[BlackElo "1823"]
[PlyCount "74"]
[EventDate "2015.??.??"]

1. e4 e5 2. f4 exf4 3. Nf3 g5 4. h4 g4 5. Ne5 Qe7 6. d4 Nf6 7. Nxg4 Nxe4 8. Be2
h5 9. Ne5 d6 10. Nd3 Ng3 11. Rh2 Bg4 12. Nc3 Bh6 13. Bxf4 Bxf4 14. Nxf4 Qe3 15.
Ncd5 Qg1+ 16. Kd2 Qxh2 17. Bxg4 hxg4 18. Qxg4 Ne4+ 19. Ke3 Qg3+ 20. Qxg3 Nxg3
21. Nxc7+ Kd7 22. Nxa8 Nc6 23. c3 Rxa8 24. Kf3 Nf5 25. h5 Rg8 26. g4 Nh6 27.
Rg1 Ne7 28. g5 Nhf5 29. Rg4 Ke8 30. h6 Rh8 31. Nh5 Ng8 32. Re4+ Kf8 33. Kf4
Nfe7 34. Ng7 f6 35. gxf6 Nxf6 36. Re6 Rxh6 37. Nf5 Nfd5+ 0-1

[Event "SR 3. liga A2 2014/2015"]
[Site "?"]
[Date "2015.02.22"]
[Round "9.5"]
[White "Krchnak, Rudolf"]
[Black "Curidlo, Jan"]
[Result "1/2-1/2"]
[WhiteElo "1796"]
[BlackElo "1889"]
[PlyCount "96"]
[EventDate "2015.??.??"]

1. d4 Nf6 2. Nc3 e6 3. e4 Bb4 4. Bd3 h6 5. Nge2 c5 6. a3 Bxc3+ 7. bxc3 b6 8. f3
O-O 9. O-O d6 10. e5 Ne8 11. Bf4 d5 12. Ng3 c4 13. Be2 f5 14. exf6 Nxf6 15. Qd2
Nc6 16. Rfe1 Ne7 17. Bd1 Ng6 18. Be3 Kh7 19. f4 a6 20. Rf1 Ra7 21. Bf3 Nh4 22.
Qe2 Re7 23. Bd2 Bd7 24. Rae1 g6 25. Bg4 Rfe8 26. Bh3 Nf5 27. Rf3 Nd6 28. Qe5
Nfe4 29. Nxe4 Nxe4 30. Re2 Rf7 31. g3 Qe7 32. Bc1 Ref8 33. Qc7 Qd8 34. Qxd8
Rxd8 35. Bg2 Rdf8 36. Rfe3 Nd6 37. Re5 Nb5 38. Bb2 Kg7 39. Bh3 Nc7 40. Bg2 Rf5
41. Bh3 Rxe5 42. Rxe5 Kf7 43. Kf2 Ne8 44. Ke1 b5 45. Bg2 Nf6 46. Bf3 Bc8 47.
Kf2 Nd7 48. Re3 Nb6 1/2-1/2

[Event "SR 3. liga A2 2014/2015"]
[Site "?"]
[Date "2015.02.22"]
[Round "9.5"]
[White "Slaby, Jozef"]
[Black "Bjel, Lubos"]
[Result "0-1"]
[WhiteElo "1879"]
[BlackElo "1760"]
[PlyCount "78"]
[EventDate "2015.??.??"]

1. c4 e6 2. Nc3 c5 3. e4 Nc6 4. Nge2 g6 5. g3 Ne5 6. Nf4 Ne7 7. d3 N7c6 8. Be2
b6 9. Ng2 d6 10. f4 Nd7 11. O-O h5 12. f5 Nd4 13. fxe6 fxe6 14. Be3 Bg7 15. h4
Be5 16. Bg5 Bf6 17. Bxf6 Nxf6 18. Bf3 e5 19. Qd2 Be6 20. Qg5 Ng4 21. Bxg4 Qxg5
22. hxg5 hxg4 23. Nh4 Nf3+ 24. Nxf3 gxf3 25. Rxf3 Rh3 26. Raf1 Kd7 27. g4 Rh4
28. Rg3 Rah8 29. Kf2 Bxg4 30. Nd5 Rh2+ 31. Rg2 Rxg2+ 32. Kxg2 Bh3+ 33. Kg1 Bxf1
34. Kxf1 Rh2 35. b4 Rxa2 36. Nf6+ Ke6 37. bxc5 bxc5 38. Ne8 Rd2 39. Nc7+ Kd7
0-1

[Event "SR 3. liga A2 2014/2015"]
[Site "?"]
[Date "2015.02.22"]
[Round "9.5"]
[White "Kosiarcik, Maximilian"]
[Black "Verba, Vladimir"]
[Result "1-0"]
[WhiteElo "1437"]
[BlackElo "1789"]
[PlyCount "53"]
[EventDate "2015.??.??"]

1. e4 g6 2. d4 Bg7 3. Nf3 c5 4. Nc3 cxd4 5. Nxd4 Nc6 6. Nf3 Nf6 7. Bc4 O-O 8.
Bg5 d6 9. Qd2 Bd7 10. Bh6 Qa5 11. Bxg7 Kxg7 12. O-O-O Rac8 13. Bb3 b5 14. h4 b4
15. Nd5 Nxe4 16. Qe3 f5 17. h5 Qc5 18. Qf4 Nxf2 19. hxg6 Nxh1 20. Rxh1 h5 21.
Rxh5 Rh8 22. Rh7+ Rxh7 23. gxh7 Rh8 24. Qg5+ Kxh7 25. Nxe7 Ne5 26. Bg8+ Rxg8
27. Qxg8+ 1-0

[Event "SR 3. liga A2 2014/2015"]
[Site "?"]
[Date "2015.02.22"]
[Round "9.6"]
[White "Cajka, Tibor"]
[Black "Takacs, Laszlo"]
[Result "0-1"]
[WhiteElo "2166"]
[BlackElo "2110"]
[PlyCount "40"]
[EventDate "2015.??.??"]

1. e4 c5 2. Nf3 d6 3. d4 cxd4 4. Nxd4 Nf6 5. Nc3 g6 6. Be3 Bg7 7. Bc4 O-O 8.
Bb3 Ng4 9. Bg5 Qb6 10. Nd5 Qxd4 11. Qxd4 Bxd4 12. O-O-O Bf6 13. Bxf6 exf6 14.
Nc7 Nxf2 15. Rxd6 Nxh1 16. Nxa8 Nf2 17. Bd5 Ng4 18. h3 Ne3 19. Rxf6 Nxd5 20.
exd5 Na6 0-1

[Event "SR 3. liga A2 2014/2015"]
[Site "?"]
[Date "2015.02.22"]
[Round "9.6"]
[White "Blaho, Stefan"]
[Black "Gasa, Patrik"]
[Result "1/2-1/2"]
[WhiteElo "2119"]
[BlackElo "2074"]
[PlyCount "122"]
[EventDate "2015.??.??"]

1. d4 Nf6 2. c4 e6 3. Nf3 d5 4. cxd5 exd5 5. Nc3 c6 6. Bg5 Be7 7. Qc2 O-O 8. e3
h6 9. Bxf6 Bxf6 10. Bd3 Bg4 11. Qb3 Qb6 12. Nd2 Nd7 13. O-O Rfe8 14. Rfc1 Be7
15. a3 Bd6 16. Qc2 Rac8 17. Na4 Qc7 18. h3 Be6 19. b4 Qd8 20. Rab1 Bb8 21. Nc5
Nxc5 22. bxc5 Qc7 23. Nf1 Re7 24. Rb3 Rf8 25. Rcb1 Bc8 26. Ba6 bxa6 27. Rxb8 f5
28. R8b3 f4 29. exf4 Bf5 30. Qd2 Bxb1 31. Rxb1 Qxf4 32. Ne3 Rb8 33. Rxb8+ Qxb8
34. Qd3 Qb2 35. g4 Re4 36. Qxa6 Qxd4 37. Qc8+ Kh7 38. Qf5+ Kg8 39. Qc8+ Kf7 40.
Qd7+ Kf8 41. Qxc6 Qe5 42. Qa8+ Kf7 43. Qxa7+ Qe7 44. Qxe7+ Rxe7 45. Nxd5 Re5
46. Ne3 Rxc5 47. h4 Rc3 48. a4 Ra3 49. Kg2 Rxa4 50. h5 Kf6 51. Kg3 Ke5 52. f3
Ra7 53. Nf5 Kf6 54. Nd4 Rd7 55. Nf5 Ke5 56. Nh4 Rd3 57. Nf5 Kf6 58. Nh4 Ra3 59.
Nf5 Ra1 60. Kf4 Ra3 61. Kg3 Ra2 1/2-1/2

[Event "SR 3. liga A2 2014/2015"]
[Site "?"]
[Date "2015.02.22"]
[Round "9.6"]
[White "Sebesta, Radovan"]
[Black "Merva, Frantisek"]
[Result "1/2-1/2"]
[WhiteElo "2048"]
[BlackElo "2045"]
[PlyCount "25"]
[EventDate "2015.??.??"]

1. d4 d5 2. c4 c6 3. Nc3 Nf6 4. e3 a6 5. Nf3 Bg4 6. h3 Bh5 7. Be2 e6 8. O-O
Nbd7 9. b3 Bb4 10. Bb2 O-O 11. Qc2 Bg6 12. Bd3 Bxd3 13. Qxd3 1/2-1/2

[Event "SR 3. liga A2 2014/2015"]
[Site "?"]
[Date "2015.02.22"]
[Round "9.6"]
[White "Kalmar, Tamas"]
[Black "Lanik, Miroslav"]
[Result "1/2-1/2"]
[WhiteElo "1966"]
[BlackElo "1895"]
[PlyCount "81"]
[EventDate "2015.??.??"]

1. d4 d5 2. c4 c6 3. Nc3 Nf6 4. Nf3 e6 5. Bg5 Nbd7 6. e3 Qa5 7. Nd2 Bb4 8. Qc2
O-O 9. a3 Ne4 10. Ndxe4 dxe4 11. Bf4 Bxc3+ 12. Qxc3 Qxc3+ 13. bxc3 Nf6 14. Be2
b6 15. O-O Ba6 16. a4 Nd7 17. Rfd1 Rfe8 18. Bd6 Bb7 19. a5 c5 20. Ra2 Rac8 21.
axb6 axb6 22. Ra7 Bc6 23. d5 Ra8 24. Rda1 Rxa7 25. Rxa7 Ra8 26. dxc6 Rxa7 27.
cxd7 Rxd7 28. Bb8 Kf8 29. Kf1 Ke7 30. Ke1 f6 31. Bg3 e5 32. f3 exf3 33. gxf3
Ra7 34. f4 Ra1+ 35. Bd1 exf4 36. exf4 f5 37. Kd2 Ke6 38. Bh4 Ra2+ 39. Bc2 Ra7
40. Ke3 Ra2 41. Kd2 1/2-1/2

[Event "SR 3. liga A2 2014/2015"]
[Site "?"]
[Date "2015.02.22"]
[Round "9.6"]
[White "Palka, Martin"]
[Black "Matis, Tibor"]
[Result "1-0"]
[WhiteElo "1890"]
[BlackElo "1664"]
[PlyCount "75"]
[EventDate "2015.??.??"]

1. Nf3 Nc6 2. c4 Nf6 3. g3 d5 4. cxd5 Nxd5 5. Bg2 e5 6. O-O Be6 7. Nc3 Bd6 8.
d4 Nxc3 9. bxc3 e4 10. Ng5 Bd7 11. Nxe4 f5 12. Nxd6+ cxd6 13. h4 h6 14. e4 Qc7
15. Qh5+ Kf8 16. exf5 Ne7 17. f6 Ng8 18. fxg7+ Kxg7 19. Bd5 Be8 20. Qg4+ Kf8
21. Qf3+ Kg7 22. Qg4+ Kf8 23. Bxg8 h5 24. Qe6 Qg7 25. Ba3 Rd8 26. Bxd6+ Rxd6
27. Qxd6+ Kxg8 28. Rfe1 Bf7 29. Rab1 Rh6 30. Qd8+ Kh7 31. Rxb7 Rg6 32. Re3 Rf6
33. Qe7 a6 34. Re5 Kh6 35. Rg5 Qh8 36. Qe5 Kh7 37. Rxf7+ Rxf7 38. Rxh5+ 1-0

[Event "SR 3. liga A2 2014/2015"]
[Site "?"]
[Date "2015.02.22"]
[Round "9.6"]
[White "Kahanec, Jan"]
[Black "Skapikova, Lubica"]
[Result "0-1"]
[WhiteElo "1691"]
[BlackElo "1862"]
[PlyCount "62"]
[EventDate "2015.??.??"]

1. e4 e5 2. Nc3 Bc5 3. d3 d6 4. Nf3 Ne7 5. Be2 O-O 6. O-O f5 7. exf5 Nxf5 8.
Ne4 Bb6 9. c3 Nc6 10. Ng3 Nce7 11. Nxf5 Nxf5 12. h3 Ng3 13. Re1 Nf5 14. d4 e4
15. Nd2 e3 16. fxe3 Nxe3 17. Qb3+ Kh8 18. Bf3 Nf5 19. Nc4 Qh4 20. Bd2 Bxd4+ 21.
Ne3 Bc5 22. Qd5 c6 23. Qe4 d5 24. Qxh4 Nxh4 25. Be2 Bd7 26. Kh1 Rae8 27. Bg4
Bxg4 28. Nxg4 Rxe1+ 29. Rxe1 h5 30. Nh2 Rf2 31. Bc1 Nxg2 0-1

[Event "SR 3. liga A2 2014/2015"]
[Site "?"]
[Date "2015.02.22"]
[Round "9.6"]
[White "Palka, Miroslav"]
[Black "Bugar, Peter"]
[Result "1-0"]
[WhiteElo "1912"]
[BlackElo "1582"]
[PlyCount "73"]
[EventDate "2015.??.??"]

1. c4 e5 2. Nc3 f5 3. g3 Nf6 4. Bg2 Bb4 5. e3 Bxc3 6. bxc3 O-O 7. Ne2 Kh8 8.
O-O Nc6 9. Rb1 Qe8 10. d4 d6 11. Ba3 Rg8 12. c5 dxc5 13. Bxc5 b6 14. Ba3 Bb7
15. Qc2 e4 16. c4 g5 17. d5 Ne5 18. Bb2 Qe7 19. Qc3 Ned7 20. Nd4 Rg6 21. Nxf5
Qe8 22. Qd4 Nc5 23. Qd2 h5 24. Qd1 Kh7 25. h4 Qf7 26. hxg5 Rxg5 27. Nh4 Rag8
28. Qd4 Ne8 29. Ba3 R8g7 30. Bxc5 bxc5 31. Qxe4+ Kh8 32. Rxb7 Rg4 33. Qe6 Qxe6
34. dxe6 Rxc4 35. Rb8 Rg8 36. e7 Kh7 37. Bd5 1-0

[Event "SR 3. liga A2 2014/2015"]
[Site "?"]
[Date "2015.02.22"]
[Round "9.6"]
[White "Matis, Daniel"]
[Black "Kubik, Peter"]
[Result "0-1"]
[WhiteElo "1263"]
[BlackElo "1854"]
[PlyCount "84"]
[EventDate "2015.??.??"]

1. e4 c6 2. Nc3 d5 3. exd5 cxd5 4. d4 Bf5 5. Nf3 e6 6. Bd3 Bxd3 7. Qxd3 Nc6 8.
O-O Bd6 9. Ne2 Nge7 10. Bf4 Bxf4 11. Nxf4 O-O 12. c3 a6 13. Ng5 Nf5 14. Nfh3 g6
15. Nf3 b5 16. a3 Qb6 17. Qd2 Kg7 18. Qe2 a5 19. Ne5 Nxe5 20. Qxe5+ Kg8 21. Qf6
Qd8 22. Qe5 Qd6 23. Qf6 b4 24. Rfe1 bxc3 25. bxc3 Rac8 26. Rec1 Rc4 27. f3 Rfc8
28. Ng5 Qe7 29. Qxe7 Nxe7 30. Nh3 Nf5 31. Kf2 Nxd4 32. Nf4 Nb3 33. Nd3 Nxc1 34.
Nxc1 Rxc3 35. Ne2 Rc2 36. Ke3 Rb8 37. Kd3 Rbb2 38. Nf4 Rd2+ 39. Ke3 e5 40. Nh3
f5 41. f4 d4+ 42. Kf3 Rb3# 0-1

[Event "SR 3. liga A2 2014/2015"]
[Site "?"]
[Date "2015.03.06"]
[Round "8.2"]
[White "Takacs, Laszlo"]
[Black "Abel, Peter"]
[Result "0-1"]
[WhiteElo "2110"]
[BlackElo "2174"]
[PlyCount "126"]
[EventDate "2015.??.??"]

1. e4 Nf6 2. e5 Nd5 3. d4 d6 4. c4 Nb6 5. exd6 cxd6 6. Be3 g6 7. Nc3 Bg7 8. Nf3
O-O 9. Bd3 Nc6 10. h3 d5 11. c5 Nc4 12. Bxc4 dxc4 13. Qe2 Nxd4 14. Nxd4 Bxd4
15. Rd1 Bxc3+ 16. bxc3 Qa5 17. O-O Be6 18. Bh6 Qxc5 19. Bxf8 Rxf8 20. Rd4 Kg7
21. Re1 Rc8 22. Qe5+ Qxe5 23. Rxe5 a6 24. a4 b6 25. Rd2 Rc6 26. Rd8 Kf6 27. Re2
Rc5 28. Rb8 Ra5 29. Rxb6 Rxa4 30. f3 Ra3 31. Rc2 h5 32. Kf2 Ke5 33. Ke3 Kd5 34.
Rb7 Kd6 35. Kd4 Bd5 36. Rb6+ Kc7 37. Rcb2 e6 38. Rb8 Ra1 39. Rb1 Ra3 40. f4 Kd6
41. R8b6+ Ke7 42. g4 hxg4 43. hxg4 Kf6 44. Rd6 Ra2 45. Rbb6 a5 46. Kc5 Ke7 47.
Ra6 Rf2 48. Ra7+ Kf8 49. f5 gxf5 50. g5 Kg7 51. Rdd7 Kg6 52. Rxf7 Kxg5 53. Rxa5
Kf4 54. Ra1 Ke3 55. Rd1 f4 56. Rd4 f3 57. Rf6 Rc2 58. Kb4 Rd2 59. Rdf4 Rb2+ 60.
Kc5 Rb3 61. Rxf3+ Bxf3 62. Rxe6+ Kd3 63. Rf6 Be2 0-1

[Event "SR 3. liga A2 2014/2015"]
[Site "?"]
[Date "2015.03.06"]
[Round "8.2"]
[White "Manak, Jozef"]
[Black "Balogh, Peter"]
[Result "1/2-1/2"]
[WhiteElo "1984"]
[BlackElo "2028"]
[PlyCount "46"]
[EventDate "2015.??.??"]

1. e4 e5 2. Nf3 Nc6 3. Bc4 Nf6 4. Nc3 Nxe4 5. Nxe4 d5 6. Bb5 dxe4 7. Nxe5 Qd5
8. Nxc6 Qxb5 9. Nd4 Qg5 10. Kf1 Bg4 11. d3 Qh5 12. Qe1 O-O-O 13. Be3 exd3 14.
cxd3 Bc5 15. Qc3 Bxd4 16. Bxd4 Qd5 17. Rc1 c6 18. Bxa7 Rhe8 19. Be3 Bh3 20. Rg1
Rxe3 21. gxh3 Rde8 22. Qc4 Qxc4 23. Rxc4 Re1+ 1/2-1/2

[Event "SR 3. liga A2 2014/2015"]
[Site "?"]
[Date "2015.03.06"]
[Round "8.2"]
[White "Lesny, Stefan"]
[Black "Mihalik, Anton"]
[Result "1/2-1/2"]
[WhiteElo "2083"]
[BlackElo "1958"]
[PlyCount "68"]
[EventDate "2015.??.??"]

1. e4 c5 2. f4 Nc6 3. Nf3 d5 4. e5 Bg4 5. c3 e6 6. d3 Nh6 7. g3 Be7 8. Bg2 Nf5
9. O-O O-O 10. h3 Bxf3 11. Qxf3 Rb8 12. Na3 b5 13. Nc2 b4 14. Ne3 Nxe3 15. Qxe3
Qb6 16. Qe2 a5 17. Kh2 a4 18. f5 Qd8 19. f6 gxf6 20. Bh6 Nxe5 21. Bxf8 Qxf8 22.
c4 d4 23. Be4 Qg7 24. Rae1 Bd6 25. Rg1 f5 26. Bf3 Kh8 27. Rg2 Rg8 28. Reg1 Qh6
29. Rh1 Ng4+ 30. Bxg4 fxg4 31. h4 Qxh4+ 32. Kg1 Qg5 33. Rgh2 Rg7 34. Kg2 Qe5
1/2-1/2

[Event "SR 3. liga A2 2014/2015"]
[Site "?"]
[Date "2015.03.06"]
[Round "8.2"]
[White "Nemsak, Denis"]
[Black "Rachela, Jozef"]
[Result "0-1"]
[WhiteElo "1957"]
[BlackElo "2048"]
[PlyCount "88"]
[EventDate "2015.??.??"]

1. c4 e5 2. Nc3 Nf6 3. g3 Nc6 4. Bg2 Be7 5. Nf3 d6 6. d4 O-O 7. d5 Nb8 8. e4
Nbd7 9. Bg5 a5 10. O-O Nc5 11. Bxf6 Bxf6 12. Ne1 Be7 13. Nd3 b6 14. b3 f5 15.
Nxc5 bxc5 16. exf5 Bxf5 17. Be4 Qd7 18. Qd3 g6 19. f3 h5 20. Rae1 Kg7 21. Nd1
a4 22. Nc3 axb3 23. axb3 Bg5 24. Ra1 Rfb8 25. Nb5 Qc8 26. g4 hxg4 27. fxg4 Bxe4
28. Qxe4 Bf4 29. h3 Rb7 30. Rxf4 Rxa1+ 31. Rf1 Qa8 32. Qf3 Rxf1+ 33. Qxf1 Rxb5
34. cxb5 Qxd5 35. g5 Qd4+ 36. Kh1 e4 37. b6 cxb6 38. Qb5 Qd1+ 39. Kh2 Qd2+ 40.
Kh1 Qxg5 41. Qxb6 Qe5 42. Kg2 e3 43. Kf1 Qf4+ 44. Ke2 Qf2+ 0-1

[Event "SR 3. liga A2 2014/2015"]
[Site "?"]
[Date "2015.03.06"]
[Round "8.2"]
[White "Merva, Frantisek"]
[Black "Curidlo, Jan"]
[Result "1-0"]
[WhiteElo "2045"]
[BlackElo "1889"]
[PlyCount "137"]
[EventDate "2015.??.??"]

1. d4 Nf6 2. Bg5 h6 3. Bh4 e6 4. e3 Be7 5. Bd3 d5 6. Nf3 c6 7. Nbd2 Nbd7 8. Qe2
a6 9. O-O O-O 10. c3 Re8 11. a4 c5 12. a5 c4 13. Bc2 b5 14. axb6 Qxb6 15. Rfb1
Qc7 16. Bg3 Bd6 17. Bxd6 Qxd6 18. e4 Qc7 19. e5 Nh7 20. b3 cxb3 21. Rxb3 a5 22.
Rba3 Nhf8 23. Ne1 f5 24. exf6 Nxf6 25. Nb3 Qxc3 26. Nxa5 Qc7 27. h3 Bd7 28. Nf3
Reb8 29. Bd3 Rb4 30. Nb3 Rxa3 31. Rxa3 Qc3 32. Qd2 Qxd2 33. Nbxd2 Bb5 34. Bxb5
Rxb5 35. Ra6 Rb4 36. Ra8 N6d7 37. Kf1 Rb8 38. Ra7 Rb4 39. Ke2 Nf6 40. Ra8 N6d7
41. Kd3 Rb7 42. Kc3 Kf7 43. Nb3 Rc7+ 44. Kd3 Ng6 45. g3 e5 46. dxe5 Ngxe5+ 47.
Nxe5+ Nxe5+ 48. Kd4 Nd7 49. Ra2 Nf6 50. Nc5 Re7 51. Rb2 Kg6 52. Nd3 Re4+ 53.
Kc5 Kh7 54. Nf4 Rc4+ 55. Kd6 d4 56. Ke5 d3 57. Nxd3 Re4+ 58. Kf5 Rc4 59. Ne5
Rc5 60. g4 Ne8 61. f4 Rc3 62. Rb8 Nf6 63. g5 hxg5 64. fxg5 g6+ 65. Kxf6 Rc6+
66. Ke7 Rc3 67. Rb7 Re3 68. Kf8+ Kh8 69. Nxg6# 1-0

[Event "SR 3. liga A2 2014/2015"]
[Site "?"]
[Date "2015.03.06"]
[Round "8.2"]
[White "Slaby, Jozef"]
[Black "Kalmar, Tamas"]
[Result "1/2-1/2"]
[WhiteElo "1879"]
[BlackElo "1966"]
[PlyCount "103"]
[EventDate "2015.??.??"]

1. c4 e6 2. Nc3 d5 3. cxd5 exd5 4. d4 Nf6 5. Bg5 c6 6. e3 Nbd7 7. Nf3 Qa5 8.
Bd3 Ne4 9. Qc2 Nxg5 10. Nxg5 Be7 11. Nf3 Nf6 12. O-O O-O 13. Bf5 Bxf5 14. Qxf5
Qc7 15. Rac1 Qd7 16. Qxd7 Nxd7 17. Rc2 f6 18. g3 Nb6 19. b3 Kf7 20. Kg2 Rfe8
21. h3 Bd6 22. Ne2 a5 23. a4 Nd7 24. Rb1 Nb8 25. Nc1 Nd7 26. Nd3 h5 27. h4 Rec8
28. Nfe1 g6 29. Nf3 Nf8 30. Rbc1 Ne6 31. Rd1 Re8 32. Re1 Re7 33. Rd1 Ree8 34.
Re1 Reb8 35. Rec1 Ba3 36. Ra1 Bd6 37. Rac1 Rc8 38. Rd1 Ke7 39. Rdc1 Kd7 40. Re1
Rab8 41. Rec1 Ba3 42. Ra1 Bd6 43. Rac1 b6 44. Nfe1 Rc7 45. Rb1 b5 46. Ra1 b4
47. Rac1 Rbc8 48. Nf3 Ke7 49. Kf1 Kd7 50. Ke2 Ke7 51. Kf1 Kd7 52. Ke2 1/2-1/2

[Event "SR 3. liga A2 2014/2015"]
[Site "?"]
[Date "2015.03.06"]
[Round "8.2"]
[White "Kahancova, Jana"]
[Black "Verba, Vladimir"]
[Result "0-1"]
[WhiteElo "1717"]
[BlackElo "1789"]
[PlyCount "77"]
[EventDate "2015.??.??"]

1. d4 g6 2. Nf3 Bg7 3. c3 d6 4. Bf4 Nd7 5. e4 c5 6. Bc4 Ngf6 7. Nbd2 O-O 8. O-O
a6 9. a4 Qc7 10. Bb3 b6 11. Re1 Bb7 12. Qc2 cxd4 13. cxd4 Qxc2 14. Bxc2 Rac8
15. Bd3 Rc7 16. Rac1 Rfc8 17. Rc4 Rxc4 18. Nxc4 d5 19. Ncd2 dxe4 20. Nxe4 Nxe4
21. Bxe4 Bxe4 22. Rxe4 e6 23. Kf1 Rc4 24. b3 Rb4 25. Re3 Bf8 26. Rd3 b5 27. Bd2
bxa4 28. Bxb4 Bxb4 29. bxa4 a5 30. Ne5 Nb8 31. g4 f6 32. Nc4 Kf7 33. Ke2 Na6
34. h3 Nc7 35. Nb6 Ke7 36. f4 Kd6 37. Nc4+ Kd5 38. Ne3+ Ke4 39. g5 {time} 0-1

[Event "SR 3. liga A2 2014/2015"]
[Site "?"]
[Date "2015.03.06"]
[Round "8.2"]
[White "Bardik, Jozef"]
[Black "Matis, Tibor"]
[Result "1-0"]
[WhiteElo "1928"]
[BlackElo "1664"]
[PlyCount "105"]
[EventDate "2015.??.??"]

1. d4 f5 2. c4 e6 3. Nc3 Bb4 4. Bd2 Nf6 5. a3 Be7 6. Qc2 d6 7. Nf3 b6 8. e3 Bb7
9. Bd3 O-O 10. Ng5 Qc8 11. d5 Nxd5 12. h4 Nxc3 13. Bxc3 e5 14. e4 f4 15. Qe2
Bc6 16. c5 Be8 17. Bc4+ Kh8 18. cxd6 cxd6 19. Bd5 Nc6 20. Be6 Qc7 21. Qc4 h6
22. Bf7 Bxg5 23. Bxe8 Raxe8 24. hxg5 Kh7 25. O-O-O Qd7 26. Rh3 Re6 27. Rdh1 Ne7
28. gxh6 gxh6 29. Kb1 Ng8 30. Rd3 Rc8 31. Qa6 Qc7 32. Rhd1 Nf6 33. f3 Ne8 34.
Rc1 Qd7 35. Rdd1 Rc7 36. Qd3 a5 37. Be1 Rxc1+ 38. Rxc1 Re7 39. g3 Rf7 40. gxf4
Rxf4 41. Bd2 Rf7 42. Rh1 Rf6 43. Qe3 Qc7 44. Rxh6+ Rxh6 45. Qxh6+ Kg8 46. Qg6+
Kf8 47. Bh6+ Ke7 48. Qf5 d5 49. Bg5+ Kd6 50. Qg6+ Kd7 51. Qf7+ Kd6 52. Qxe8
dxe4 53. fxe4 1-0

[Event "SR 3. liga A2 2014/2015"]
[Site "?"]
[Date "2015.03.08"]
[Round "10.1"]
[White "Provaznik, Michal"]
[Black "Takacs, Laszlo"]
[Result "1/2-1/2"]
[WhiteElo "2220"]
[BlackElo "2110"]
[PlyCount "72"]
[EventDate "2015.??.??"]

1. Nf3 Nf6 2. d4 g6 3. Nbd2 d5 4. g3 Bg7 5. Bg2 O-O 6. O-O c6 7. b3 Ne4 8. Bb2
Nxd2 9. Qxd2 c5 10. e3 Nc6 11. c4 cxd4 12. exd4 dxc4 13. bxc4 Bg4 14. Rfd1 e6
15. h3 Bxf3 16. Bxf3 Qf6 17. Bg2 Rad8 18. d5 Qxb2 19. Qxb2 Bxb2 20. Rab1 exd5
21. cxd5 Na5 22. Rxb2 b6 23. Rc2 Rd7 24. Rdc1 Rfd8 25. Rc8 Rxc8 26. Rxc8+ Kg7
27. Kf1 Kf6 28. Ke2 Ke5 29. Kd3 h5 30. h4 Nb7 31. f4+ Kf6 32. Kd4 Nd6 33. Rc6
Ke7 34. Be4 Nb5+ 35. Kc4 Nd6+ 36. Kd4 Nb5+ 1/2-1/2

[Event "SR 3. liga A2 2014/2015"]
[Site "?"]
[Date "2015.03.08"]
[Round "10.1"]
[White "Lesny, Stefan"]
[Black "Horak, Ivan"]
[Result "0-1"]
[WhiteElo "2083"]
[BlackElo "2070"]
[PlyCount "64"]
[EventDate "2015.??.??"]

1. e4 c5 2. f4 Nc6 3. Nf3 e6 4. c3 d5 5. e5 Nge7 6. g3 g6 7. Na3 a6 8. Nc2 Bg7
9. d3 O-O 10. Bg2 b5 11. Be3 c4 12. dxc4 bxc4 13. Nfd4 Rb8 14. Rb1 Qa5 15. a3
Rxb2 16. Kd2 Ra2 17. Qc1 Nxd4 18. Bxd4 Nf5 19. Kd1 Nxd4 20. cxd4 Bd7 21. Rb2
Rxb2 22. Qxb2 Ba4 23. Kc1 Bb3 24. Rf1 Rc8 25. Rf3 Bf8 26. Bf1 Rb8 27. Re3 Rb5
28. Qa1 Qa4 29. Rc3 Bxc2 30. Rxc2 Bxa3+ 31. Kd1 Rb2 32. Qc1 Qb3 0-1

[Event "SR 3. liga A2 2014/2015"]
[Site "?"]
[Date "2015.03.08"]
[Round "10.1"]
[White "Sefcik, Marek"]
[Black "Rachela, Jozef"]
[Result "1-0"]
[WhiteElo "2043"]
[BlackElo "2048"]
[PlyCount "61"]
[EventDate "2015.??.??"]

1. d4 Nf6 2. e3 d5 3. Bd3 Bg4 4. f3 Bh5 5. c4 e6 6. Qb3 Qc8 7. cxd5 exd5 8. Nc3
c6 9. Nge2 Bg6 10. Nf4 Bxd3 11. Nxd3 Be7 12. e4 dxe4 13. fxe4 O-O 14. e5 Ne8
15. O-O Nc7 16. Be3 Nba6 17. d5 cxd5 18. Nxd5 Nxd5 19. Qxd5 Qd8 20. Qb3 Qd7 21.
Rxf7 Rxf7 22. e6 Qd6 23. exf7+ Kf8 24. Rc1 g5 25. Qxb7 Rd8 26. Nf2 Rb8 27. Qe4
Qg6 28. Qxg6 hxg6 29. Nd3 Nb4 30. Ne5 Nxa2 31. Nd7+ 1-0